Statistics for Another One Tracklist (Mac DeMarco)

Click here to take the quiz!

General Stats

  • This quiz has been taken 10 times
  • The average score is 6 of 8

Answer Stats

HintAnswer% Correct
2Another One
90%
6I've Been Waiting For Her
80%
3No Other Heart
80%
5A Heart Like Hers
70%
7Without Me
70%
4Just To Put Me Down
60%
8My House By The Water
60%
1The Way You'd Love Her
40%

Score Distribution

Percentile by Number Answered

Percent of People with Each Score

Your Score History

You have not taken this quiz